000 00787nam a2200253 i 4500
001 6848
003 ES-MaACL
005 20230906145116.0
007 t|
008 900605s1988 sp ||||1| spa d
020 _a84-283-1605-8
080 _a621.3(038)
080 _a46.316.4=2:621.3
080 _a42.316.4=6:621.3
100 1 _aAmos, S. W.
_921332
245 1 0 _aDiccionario de electronica
_b: español-ingles, ingles-español /
_cS. W. Amos.
260 _aMadrid :
_bParaninfo,
_c1988.
300 _a456 p. ;
_c21 cm.
650 1 4 _aElectrónica-
_vDiccionarios.
_912164
650 1 4 _aLengua española-
_vDiccionarios-
_xInglés.
_914142
650 1 4 _aLengua inglesa-
_vDiccionarios-
_xEspañol.
_914270
852 _aES-MaACL
_jL-14074
_bR.117924
_z. - cart.
999 _c6848
_d6848